[Event "Moscow Aeroflot op-A"]
[Site "Moscow"]
[Date "2024.03.05"]
[Round "6"]
[White "Kamalidenova, Meruert"]
[Black "Khayrullin, Denis"]
[Result "1/2-1/2"]
[WhiteElo "2380"]
[BlackElo "2331"]
[PlyCount "70"]
[EventDate "2024.03.03"]
[EventType "swiss"]
[EventRounds "9"]
[EventCountry "RUS"]
[SourceTitle "CB11_2024"]
[SourceDate "2024.03.13"]
[SourceVersion "1"]
[SourceVersionDate "2024.03.13"]
[SourceQuality "1"]

1. e4 e5 2. Nf3 Nc6 3. Bb5 a6 4. Ba4 Bc5 5. c3 Nge7 6. 0-0 Ba7 7. d4 Ng6 8. Bxc6 dxc6 9. Nxe5 Nxe5 10. dxe5 Qe7 11. Qf3 Be6 12. Be3 Bxe3 13. Qxe3 Bc4 14. Rd1 Qxe5 15. Nd2 Be6 16. f4 Qf6 17. f5 Bd7 18. Nf3 Qe7 19. Qd4 f6 20. b4 Rd8 21. e5 Bxf5 22. Qf4 Rxd1+ 23. Rxd1 Be6 24. exf6 Qxf6 25. Qxc7 0-0 26. Qxb7 Qxc3 27. Qb6 Bxa2 28. Rd8 Qc1+ 29. Kf2 Qc2+ 30. Kg3 Qg6+ 31. Kf2 Qc2+ 32. Kg3 Qg6+ 33. Kf2 Qc2+ 34. Kg3 Qg6+ 35. Kf2 Qc2+ 1/2-1/2

[Event "Moscow Aeroflot op-A"]
[Site "Moscow"]
[Date "2024.03.04"]
[Round "3"]
[White "Khayrullin, Denis"]
[Black "Garifullina, Leya"]
[Result "0-1"]
[WhiteElo "2331"]
[BlackElo "2413"]
[PlyCount "66"]
[EventDate "2024.03.03"]
[EventType "swiss"]
[EventRounds "9"]
[EventCountry "RUS"]
[SourceTitle "CB11_2024"]
[SourceDate "2024.03.13"]
[SourceVersion "1"]
[SourceVersionDate "2024.03.13"]
[SourceQuality "1"]

1. d4 Nf6 2. c4 e6 3. Nc3 Bb4 4. Qc2 d5 5. a3 Bxc3+ 6. Qxc3 0-0 7. Bg5 c5 8. dxc5 d4 9. Qf3 Nbd7 10. e3 e5 11. exd4 exd4 12. Ne2 Qe7 13. 0-0-0 Qxc5 14. Bxf6 Nxf6 15. Rxd4 Re8 16. Qf4 b5 17. Nc3 b4 18. axb4 Qxb4 19. Bd3 Be6 20. Rd1 Rac8 21. f3 Nd7 22. Qh4 h6 23. Qe4 f5 24. Qe1 Nc5 25. Bc2 Bxc4 26. Qf1 Ne6 27. Rxc4 Rxc4 28. Bxf5 Rxc3+ 29. bxc3 Qxc3+ 30. Bc2 Nd4 31. Rxd4 Qxd4 32. Bb3+ Kh8 33. Kb1 Qc3 0-1

[Event "Moscow-ch op Superfinal"]
[Site "Ershovo"]
[Date "2024.02.24"]
[Round "2"]
[White "Khayrullin, Denis"]
[Black "Shakhov, Dmitriy"]
[Result "1-0"]
[WhiteElo "2331"]
[BlackElo "1907"]
[PlyCount "43"]
[EventDate "2024.02.23"]
[EventType "swiss"]
[EventRounds "10"]
[EventCountry "RUS"]
[SourceTitle "CB10_2024"]
[SourceDate "2024.03.06"]
[SourceVersion "1"]
[SourceVersionDate "2024.03.06"]
[SourceQuality "1"]

1. d4 d5 2. c4 c6 3. Nf3 Nf6 4. Nc3 dxc4 5. e4 b5 6. Be2 e6 7. 0-0 b4 8. e5 bxc3 9. exf6 Qxf6 10. bxc3 Bd6 11. Bxc4 0-0 12. Bd3 h6 13. Qe2 a5 14. Rb1 Rd8 15. Re1 Ra7 16. Ne5 Rb7 17. Qe4 Rxb1 18. Qh7+ Kf8 19. Bxb1 Ba6 20. Ng4 Qh4 21. Qh8+ Ke7 22. Qxg7 1-0

[Event "RUS-ch Rapid"]
[Site "Sochi"]
[Date "2023.10.15"]
[Round "5"]
[White "Khayrullin, Denis"]
[Black "Shubin, Kirill"]
[Result "0-1"]
[WhiteElo "2340"]
[BlackElo "2440"]
[PlyCount "70"]
[EventDate "2023.10.15"]
[EventType "swiss (rapid)"]
[EventRounds "11"]
[EventCountry "RUS"]
[SourceTitle "Mega2024 Update 01"]
[Source "Chessbase"]
[SourceDate "2023.11.12"]
[SourceVersion "1"]
[SourceVersionDate "2023.11.12"]
[SourceQuality "1"]

1. e4 e6 2. d4 d5 3. Nd2 Be7 4. Bd3 c5 5. dxc5 Nf6 6. Qe2 0-0 7. Ngf3 a5 8. 0-0 Na6 9. e5 Nd7 10. c3 Naxc5 11. Bc2 b5 12. Re1 Ba6 13. b4 Na4 14. Bxa4 bxa4 15. b5 Bb7 16. Nd4 Qc7 17. N2f3 Qxc3 18. Bd2 Qc7 19. Rec1 Nc5 20. Bg5 Qd7 21. Bxe7 Qxe7 22. Nc6 Bxc6 23. bxc6 Rfc8 24. Nd4 Na6 25. Rab1 h6 26. g3 Nb4 27. a3 Na6 28. Qd2 Qxa3 29. Rb7 Nc5 30. Rcb1 Nb3 31. Qf4 Qf8 32. Nxb3 axb3 33. R1xb3 a4 34. Rf3 a3 35. Rxf7 a2 0-1

[Event "RUS-ch Blitz"]
[Site "Sochi"]
[Date "2023.10.14"]
[Round "12"]
[White "Khayrullin, Denis"]
[Black "Galchenko, Matvey"]
[Result "0-1"]
[WhiteElo "2340"]
[BlackElo "2438"]
[PlyCount "76"]
[EventDate "2023.10.14"]
[EventType "swiss (blitz)"]
[EventRounds "13"]
[EventCountry "RUS"]
[SourceTitle "Mega2024 Update 01"]
[Source "Chessbase"]
[SourceDate "2023.11.12"]
[SourceVersion "1"]
[SourceVersionDate "2023.11.12"]
[SourceQuality "1"]

1. e4 e6 2. d4 d5 3. Nd2 a6 4. Bd3 c5 5. dxc5 Nf6 6. Qe2 Bxc5 7. Ngf3 0-0 8. 0-0 Nc6 9. e5 Nd7 10. Nb3 Be7 11. c3 f5 12. exf6 Nxf6 13. Nbd4 Nxd4 14. cxd4 Bd7 15. Ne5 Be8 16. Be3 Ne4 17. f3 Nd6 18. Bf2 Bf6 19. Rac1 Bb5 20. b3 Bxe5 21. dxe5 Bxd3 22. Qxd3 Nf5 23. Rc2 Rc8 24. Rfc1 Rxc2 25. Qxc2 Qg5 26. Re1 h5 27. Qc7 Qd2 28. Qd7 Nd4 29. Rf1 Ne2+ 30. Kh1 Nf4 31. Qxb7 Qe2 32. Kg1 Nxg2 33. Kxg2 Qxf3+ 34. Kg1 Rf5 35. Qc8+ Kh7 36. Qxe6 Qg4+ 37. Bg3 Rxf1+ 38. Kxf1 Qxe6 0-1

[Event "Budapest Vezerkepzo Summer GM"]
[Site "Budapest"]
[Date "2023.07.17"]
[Round "7"]
[White "Ngo, Bach"]
[Black "Khayrullin, Denis"]
[Result "1-0"]
[WhiteElo "2345"]
[BlackElo "2343"]
[PlyCount "83"]
[EventDate "2023.07.11"]
[EventType "tourn"]
[EventRounds "9"]
[EventCountry "HUN"]
[EventCategory "6"]
[SourceTitle "CBM 215 Extra"]
[Source "ChessBase"]
[SourceDate "2023.09.30"]
[SourceVersion "1"]
[SourceVersionDate "2023.09.30"]
[SourceQuality "1"]

1. c4 e6 2. Nc3 d5 3. d4 a6 4. cxd5 exd5 5. Qb3 c5 6. Nxd5 Be6 7. e4 Ne7 8. dxc5 Nxd5 9. exd5 Qxd5 10. Qxd5 Bxd5 11. Be3 Nd7 12. b4 Be7 13. Ne2 Bf6 14. Bd4 0-0 15. a3 Rfe8 16. 0-0-0 a5 17. Bxf6 Nxf6 18. Nc3 Bb3 19. Rd4 axb4 20. axb4 Be6 21. Kb2 Ng4 22. Bb5 Red8 23. Rxd8+ Rxd8 24. Rd1 Rxd1 25. Nxd1 Nxh2 26. Ne3 Kf8 27. f3 Ke7 28. Kc3 h5 29. Kd2 g5 30. Ke2 g4 31. Kf2 h4 32. Bd3 Kd8 33. Kg1 g3 34. Bf5 Kd7 35. b5 h3 36. Be4 Kc7 37. Nd5+ Bxd5 38. Bxd5 Nxf3+ 39. gxf3 f5 40. b6+ Kb8 41. f4 Ka8 42. Be6 1-0

[Event "Budapest Vezerkepzo Summer GM"]
[Site "Budapest"]
[Date "2023.07.13"]
[Round "3"]
[White "Bogdanov, Artyom"]
[Black "Khayrullin, Denis"]
[Result "1/2-1/2"]
[WhiteElo "2286"]
[BlackElo "2343"]
[PlyCount "96"]
[EventDate "2023.07.11"]
[EventType "tourn"]
[EventRounds "9"]
[EventCountry "HUN"]
[EventCategory "6"]
[SourceTitle "CBM 215 Extra"]
[Source "ChessBase"]
[SourceDate "2023.09.30"]
[SourceVersion "1"]
[SourceVersionDate "2023.09.30"]
[SourceQuality "1"]

1. e4 e5 2. Nf3 Nc6 3. Bb5 a6 4. Ba4 Bc5 5. 0-0 Nge7 6. c3 Ba7 7. d4 Ng6 8. Bg5 f6 9. Be3 0-0 10. Nbd2 Kh8 11. Re1 d6 12. Bc2 Bd7 13. b4 exd4 14. Nxd4 Bxd4 15. Bxd4 f5 16. Nf3 fxe4 17. Bxe4 Bf5 18. Bxc6 bxc6 19. Qd2 Qd7 20. Qg5 Be6 21. Nh4 Nxh4 22. Qxh4 Rae8 23. Re3 Bf5 24. Rae1 Rxe3 25. Rxe3 Re8 26. h3 Rxe3 27. Bxe3 Be6 28. a4 Kg8 29. a5 h6 30. Qd4 c5 31. bxc5 dxc5 32. Qxc5 Qd1+ 33. Kh2 Qd6+ 34. Qxd6 cxd6 35. g4 Bf7 36. Kg3 h5 37. Kf4 hxg4 38. hxg4 Bc4 39. Kg5 Kf7 40. f4 g6 41. Kh6 Be6 42. f5 gxf5 43. g5 Kg8 44. Bf4 d5 45. Kg6 Bd7 46. Kf6 Bb5 47. Ke5 Bc4 48. Kxf5 Ba2 1/2-1/2

[Event "Budapest Vezerkepzo Summer GM"]
[Site "Budapest"]
[Date "2023.07.12"]
[Round "2"]
[White "Khayrullin, Denis"]
[Black "Levine, Joseph1111"]
[Result "1-0"]
[WhiteElo "2343"]
[BlackElo "2356"]
[PlyCount "102"]
[EventDate "2023.07.11"]
[EventType "tourn"]
[EventRounds "9"]
[EventCountry "HUN"]
[EventCategory "6"]
[SourceTitle "CBM 215 Extra"]
[Source "ChessBase"]
[SourceDate "2023.09.30"]
[SourceVersion "1"]
[SourceVersionDate "2023.09.30"]
[SourceQuality "1"]

1. d4 Nf6 2. c4 e6 3. Nf3 d5 4. g3 dxc4 5. Bg2 a6 6. Ne5 c5 7. dxc5 Qxd1+ 8. Kxd1 Nbd7 9. Nxd7 Nxd7 10. c6 bxc6 11. Nd2 Bc5 12. Nxc4 Bb7 13. Bd2 0-0-0 14. Kc2 Nb6 15. Ne5 f6 16. Nd3 Rxd3 17. Kxd3 Rd8+ 18. Kc2 Bxf2 19. Rad1 Nc4 20. Bc1 Ne3+ 21. Bxe3 Bxe3 22. Rxd8+ Kxd8 23. Rd1+ Kc7 24. g4 f5 25. gxf5 exf5 26. Rd3 f4 27. Bh3 Kb6 28. Rd8 c5 29. Bf5 h6 30. Rd6+ Ka5 31. Rd7 Bc8 32. Rf7 Bxf5+ 33. Rxf5 g5 34. Kd3 Kb5 35. Rf6 c4+ 36. Ke4 Bc1 37. Rxh6 Bxb2 38. Rg6 Kb4 39. Rxg5 a5 40. Rg8 Ka3 41. Rc8 Kxa2 42. Rxc4 Kb3 43. Kd3 a4 44. Rc7 a3 45. Rb7+ Ka4 46. Kc4 Ka5 47. Kb3 Ka6 48. Rb4 Be5 49. Kxa3 Ka5 50. Kb3 Bd6 51. Rd4 Bc7 1-0

[Event "Budapest FS07 GM"]
[Site "Budapest"]
[Date "2023.07.10"]
[Round "8"]
[White "Srihari, LR."]
[Black "Khayrullin, Denis"]
[Result "1-0"]
[WhiteElo "2384"]
[BlackElo "2343"]
[PlyCount "111"]
[EventDate "2023.07.01"]
[EventType "tourn"]
[EventRounds "9"]
[EventCountry "HUN"]
[EventCategory "6"]
[SourceTitle "EXT 2024"]
[Source "ChessBase"]
[SourceDate "2023.10.10"]
[SourceVersion "1"]
[SourceVersionDate "2023.10.10"]
[SourceQuality "1"]

1. d4 Nf6 2. c4 e6 3. g3 d5 4. Bg2 Bb4+ 5. Nd2 0-0 6. Ngf3 dxc4 7. Qc2 a5 8. a3 Bxd2+ 9. Bxd2 b5 10. a4 Bb7 11. axb5 Qd5 12. 0-0 Qxb5 13. Rfc1 Bd5 14. Ne5 Nc6 15. Nxc6 Qxc6 16. f3 Qb6 17. Qc3 Bc6 18. e4 Bb5 19. Be3 Qa6 20. Bf1 Rfb8 21. Ra2 Ne8 22. Bxc4 Bxc4 23. Qxc4 Qxc4 24. Rxc4 Rb3 25. Kf2 Rab8 26. Bc1 R8b4 27. Rc3 a4 28. Rxb3 axb3 29. Ra8 Kf8 30. Ke3 Ke7 31. Bd2 Rb7 32. e5 c6 33. Ba5 f6 34. f4 h5 35. Kd3 fxe5 36. fxe5 Nc7 37. Bxc7 Rxc7 38. Kc4 Kf7 39. Rb8 Ra7 40. Rxb3 Ra1 41. Kc5 Rd1 42. Rb7+ Kg6 43. Re7 Kf5 44. Rxg7 Rd2 45. h4 Rxb2 46. Kd6 Ke4 47. Kxe6 Kxd4 48. g4 c5 49. gxh5 c4 50. Rg4+ Kd3 51. h6 c3 52. h7 Rb6+ 53. Kf7 Rb7+ 54. Kg6 Rb6+ 55. Kh5 Rb8 56. Rg8 1-0

[Event "Budapest FS07 GM"]
[Site "Budapest"]
[Date "2023.07.07"]
[Round "6"]
[White "Neverov, Valeriy"]
[Black "Khayrullin, Denis"]
[Result "1-0"]
[WhiteElo "2410"]
[BlackElo "2343"]
[PlyCount "147"]
[EventDate "2023.07.01"]
[EventType "tourn"]
[EventRounds "9"]
[EventCountry "HUN"]
[EventCategory "6"]
[SourceTitle "EXT 2024"]
[Source "ChessBase"]
[SourceDate "2023.10.10"]
[SourceVersion "1"]
[SourceVersionDate "2023.10.10"]
[SourceQuality "1"]

1. c4 e6 2. Nf3 d5 3. b3 Nf6 4. g3 d4 5. e3 c5 6. exd4 cxd4 7. Bg2 Nc6 8. 0-0 Bd6 9. d3 h6 10. Ba3 0-0 11. c5 Bc7 12. b4 a6 13. Nbd2 e5 14. Re1 Re8 15. Nc4 Bf5 16. Qb3 Qd7 17. Nfd2 h5 18. Bb2 h4 19. a4 h3 20. Bh1 Be6 21. Ba3 Bd5 22. f3 Ne7 23. Ne4 Nxe4 24. fxe4 Be6 25. Qc2 Red8 26. a5 Nc6 27. Rf1 f6 28. Rf2 Rf8 29. Raf1 Rf7 30. Bf3 g6 31. Qd2 Kg7 32. Bc1 Rh8 33. Bd1 Ne7 34. Bb3 Rh5 35. Qe2 Ng8 36. Qa2 f5 37. exf5 gxf5 38. Qe2 Nf6 39. Nxe5 Bxe5 40. Qxe5 Bxb3 41. Rxf5 Qd5 42. Qxd5 Bxd5 43. R5f4 Nd7 44. g4 Rxf4 45. Rxf4 Rh7 46. Rxd4 Bc6 47. Kf2 Kf8 48. Kg3 Ne5 49. Rd8+ Kf7 50. Bg5 Bg2 51. Rd6 Kf8 52. Rf6+ Kg8 53. Bh6 Nd7 54. Rd6 Re7 55. Bg5 Rh7 56. Bf4 Kf8 57. Bg5 Ne5 58. Bh6+ Ke8 59. Bf4 Nc6 60. g5 Rd7 61. g6 Ne7 62. Re6 Kf8 63. Bd6 Bd5 64. Re2 Kg7 65. Rxe7+ Rxe7 66. Bxe7 Kxg6 67. Kf4 Bg2 68. Ke5 Kf7 69. Kd6 Ke8 70. d4 Bf3 71. d5 Bg2 72. b5 axb5 73. c6 bxc6 74. dxc6 1-0

[Event "Budapest FS07 GM"]
[Site "Budapest"]
[Date "2023.07.05"]
[Round "5"]
[White "Khayrullin, Denis"]
[Black "Ngo, Bach"]
[Result "1-0"]
[WhiteElo "2343"]
[BlackElo "2345"]
[PlyCount "177"]
[EventDate "2023.07.01"]
[EventType "tourn"]
[EventRounds "9"]
[EventCountry "HUN"]
[EventCategory "6"]
[SourceTitle "EXT 2024"]
[Source "ChessBase"]
[SourceDate "2023.10.10"]
[SourceVersion "1"]
[SourceVersionDate "2023.10.10"]
[SourceQuality "1"]

1. e4 e5 2. Nf3 Nc6 3. Bb5 a6 4. Ba4 Nf6 5. 0-0 Be7 6. Re1 b5 7. Bb3 d6 8. c3 0-0 9. h3 Nb8 10. d4 Nbd7 11. Nbd2 c5 12. Nf1 Bb7 13. Ng3 Re8 14. Bc2 Bf8 15. d5 c4 16. Nf5 Qc7 17. Nh2 Reb8 18. Ng4 Bc8 19. Qf3 Nxg4 20. hxg4 g6 21. Nh6+ Bxh6 22. Bxh6 Qd8 23. Bd2 a5 24. b3 cxb3 25. axb3 Ra6 26. Ra2 b4 27. Rea1 Nc5 28. cxb4 axb4 29. Rxa6 Bxa6 30. Be3 Ra8 31. g3 Kg7 32. Qd1 Qc8 33. Qd2 Rb8 34. Ra5 Qc7 35. Ra2 Qb6 36. Bh6+ Kg8 37. Qg5 Qd8 38. Qd2 Qb6 39. Be3 Bc8 40. Qd1 Qc7 41. f3 Ba6 42. Kg2 Rc8 43. Qa1 Qb6 44. Bd1 Bd3 45. Ra8 Qb7 46. Rxc8+ Qxc8 47. Qa5 Na6 48. Qb6 Qd7 49. Bd2 f5 50. gxf5 gxf5 51. Qe3 fxe4 52. fxe4 Nc5 53. Bf3 Ba6 54. Bxb4 Qb5 55. Bxc5 Qxc5 56. Qg5+ Kf8 57. Qf6+ Ke8 58. Kh3 Kd7 59. Qf7+ Kc8 60. Bg4+ Kb8 61. Qg8+ Ka7 62. Qxh7+ Kb8 63. Qf5 Qg1 64. Qf8+ Ka7 65. Qe7+ Ka8 66. Qd8+ Ka7 67. Qc7+ Ka8 68. Bf5 Be2 69. Kh4 Qf2 70. Qxd6 Qh2+ 71. Kg5 Qxg3+ 72. Kf6 Qh4+ 73. Kxe5 Qh2+ 74. Ke6 Qh6+ 75. Ke7 Qg7+ 76. Kd8 Qh8+ 77. Kc7 Qb8+ 78. Kd7 Bb5+ 79. Ke7 Qa7+ 80. Bd7 Ba6 81. e5 Bb7 82. e6 Qa1 83. Bc6 Qg7+ 84. Kd8 Qh8+ 85. Kc7 Qb8+ 86. Kd7 Qc8+ 87. Ke7 Ka7 88. Bxb7 Qc7+ 89. Qd7 1-0

[Event "Cheliabinsk Lozovatsky Memorial-A"]
[Site "Cheliabinsk"]
[Date "2023.02.04"]
[Round "9"]
[White "Khayrullin, Denis"]
[Black "Davtyan, Arsen"]
[Result "0-1"]
[WhiteElo "2384"]
[BlackElo "2293"]
[PlyCount "66"]
[EventDate "2023.01.27"]
[EventType "swiss"]
[EventRounds "10"]
[EventCountry "RUS"]
[SourceTitle "CBM 212 Extra"]
[Source "ChessBase"]
[SourceDate "2023.03.31"]
[SourceVersion "1"]
[SourceVersionDate "2023.03.31"]
[SourceQuality "1"]

1. e4 e5 2. Nf3 Nc6 3. Bb5 a6 4. Ba4 Nf6 5. d3 Bc5 6. 0-0 b5 7. Bb3 d6 8. c3 0-0 9. Bg5 h6 10. Bh4 g5 11. Bg3 Bb6 12. Nbd2 Kg7 13. Re1 Ng8 14. Nf1 f5 15. exf5 Bxf5 16. d4 exd4 17. Nxd4 Nxd4 18. cxd4 Qf6 19. Rc1 Rae8 20. Ne3 Ne7 21. a4 Bd7 22. axb5 axb5 23. Qd3 h5 24. Bc2 Rh8 25. Be5 dxe5 26. dxe5 Qf7 27. Qxd7 Rd8 28. Qxb5 Rd2 29. Rf1 Rf8 30. Nc4 Bxf2+ 31. Kh1 Rd4 32. e6 Qf4 33. Rcd1 Qxh2+ 0-1

[Event "Cheliabinsk Lozovatsky Memorial-A"]
[Site "Cheliabinsk"]
[Date "2023.02.02"]
[Round "7"]
[White "Khayrullin, Denis"]
[Black "Lysenko, Margarita"]
[Result "1/2-1/2"]
[WhiteElo "2384"]
[BlackElo "2228"]
[PlyCount "80"]
[EventDate "2023.01.27"]
[EventType "swiss"]
[EventRounds "10"]
[EventCountry "RUS"]
[SourceTitle "CBM 212 Extra"]
[Source "ChessBase"]
[SourceDate "2023.03.31"]
[SourceVersion "1"]
[SourceVersionDate "2023.03.31"]
[SourceQuality "1"]

1. e4 c5 2. Nf3 d6 3. d4 cxd4 4. Nxd4 Nf6 5. Nc3 a6 6. Be3 e5 7. Nb3 Be6 8. f3 h5 9. Qd2 Nbd7 10. Nd5 Bxd5 11. exd5 g6 12. 0-0-0 Nb6 13. Kb1 Nfxd5 14. Bf2 Nf6 15. Bd3 Nbd7 16. Rhe1 Be7 17. f4 Rc8 18. f5 g5 19. Qxg5 Ne4 20. Qe3 Nxf2 21. Qxf2 Nf6 22. Nd2 Qc7 23. Ne4 d5 24. Nxf6+ Bxf6 25. c3 Kf8 26. Bc2 Qc5 27. Qd2 Rd8 28. Bb3 d4 29. cxd4 Rxd4 30. Qe2 Kg7 31. Rxd4 Qxd4 32. Rd1 Qf4 33. Rf1 Qd4 34. Rd1 Qf4 35. Rf1 Qd4 36. a3 b5 37. Ka2 e4 38. Rd1 Qe5 39. Rd5 Qe7 40. Qd1 Rd8 1/2-1/2

[Event "Cheliabinsk Lozovatsky Memorial-A"]
[Site "Cheliabinsk"]
[Date "2023.01.27"]
[Round "1"]
[White "Khayrullin, Denis"]
[Black "Vozmilov, Lev"]
[Result "1-0"]
[WhiteElo "2384"]
[BlackElo "2133"]
[PlyCount "105"]
[EventDate "2023.01.27"]
[EventType "swiss"]
[EventRounds "10"]
[EventCountry "RUS"]
[SourceTitle "CBM 212 Extra"]
[Source "ChessBase"]
[SourceDate "2023.03.31"]
[SourceVersion "1"]
[SourceVersionDate "2023.03.31"]
[SourceQuality "1"]

1. d4 Nf6 2. c4 e6 3. Nf3 d5 4. Nc3 Nbd7 5. cxd5 exd5 6. Bg5 c6 7. e3 h6 8. Bf4 g5 9. Bg3 Nh5 10. Bd3 Nxg3 11. hxg3 Bg7 12. Qc2 Qe7 13. 0-0-0 Nf6 14. e4 dxe4 15. Nxe4 Nxe4 16. Bxe4 Kf8 17. Rhe1 Be6 18. Bf5 Rd8 19. Re3 Bf6 20. Rde1 Rd6 21. Bxe6 Rxe6 22. Rxe6 fxe6 23. Qg6 Qf7 24. Qe4 Ke7 25. d5 cxd5 26. Qb4+ Kd8 27. Qd6+ Qd7 28. Rxe6 Qxd6 29. Rxd6+ Ke7 30. Rxd5 Rc8+ 31. Kd1 Ke6 32. Rd2 Kf5 33. Nd4+ Bxd4 34. Rxd4 Rc6 35. Rb4 b6 36. g4+ Kg6 37. Rd4 h5 38. gxh5+ Kxh5 39. Ke2 Rc2+ 40. Rd2 Rc1 41. Kf3 Rc4 42. Rd7 Rb4 43. b3 a5 44. Ke3 Kg6 45. Rd5 Kh5 46. f3 Kh4 47. Kf2 Kh5 48. g3 Kg6 49. Ke3 Kf6 50. Kd3 g4 51. Rd4 Rb5 52. Rxg4 Rd5+ 53. Rd4 1-0

[Event "RUS-ch Rapid"]
[Site "Sochi"]
[Date "2022.10.15"]
[Round "2"]
[White "Zvjaginsev, Vadim"]
[Black "Khayrullin, Denis"]
[Result "1/2-1/2"]
[WhiteElo "2598"]
[BlackElo "2384"]
[PlyCount "142"]
[EventDate "2022.10.15"]
[EventType "swiss (rapid)"]
[EventRounds "11"]
[EventCountry "RUS"]
[SourceTitle "CBM 210 Extra"]
[Source "ChessBase"]
[SourceDate "2022.11.30"]
[SourceVersion "1"]
[SourceVersionDate "2022.11.30"]
[SourceQuality "1"]

1. d4 Nf6 2. Nf3 g6 3. g3 Bg7 4. Bg2 0-0 5. 0-0 d5 6. Nbd2 c6 7. Re1 Bf5 8. Nh4 Be6 9. c3 c5 10. dxc5 Nbd7 11. Nb3 Rc8 12. Be3 Ne4 13. Nf3 Ndxc5 14. Ng5 Bf5 15. Nxc5 Nxc5 16. Bxd5 e6 17. Bg2 h6 18. Nf3 e5 19. Qxd8 Rfxd8 20. Bxc5 Rxc5 21. Red1 Rxd1+ 22. Rxd1 Be6 23. Rd8+ Kh7 24. a3 Bf6 25. Rd2 Be7 26. Ne1 Rb5 27. b4 Bg5 28. e3 a5 29. h4 Be7 30. Nc2 Kg7 31. e4 Rb6 32. Ne3 Rc6 33. Rd3 axb4 34. axb4 b5 35. Kh2 Bb3 36. h5 Bg5 37. hxg6 fxg6 38. Rd7+ Kf8 39. Nd5 Bxd5 40. Rxd5 Bf6 41. Rd3 Ke7 42. Bf1 Bg5 43. Rd5 Bf6 44. Rd3 h5 45. Kg2 Bg5 46. Rd5 Ke6 47. Bxb5 Rxc3 48. Bd7+ Kf6 49. b5 Rc2 50. b6 Be3 51. b7 Rxf2+ 52. Kh3 Rb2 53. Rb5 Rxb5 54. Bxb5 Ba7 55. Be8 Bb8 56. Kg2 Kg5 57. Kf3 Ba7 58. Ke2 Kg4 59. Bxg6 Kxg3 60. Bxh5 Kf4 61. Kd3 Kg5 62. Be2 Kf6 63. Kc4 Ke6 64. Kb5 Kd7 65. Ka6 Bb8 66. Kb6 Kd6 67. Bg4 Ke7 68. Kc6 Kd8 69. Bc8 Ke7 70. Kd5 Kd8 71. Ke6 Bc7 1/2-1/2

[Event "Titled Tuesday intern op 14th Dec"]
[Site "Chess.com INT"]
[Date "2021.12.14"]
[Round "10"]
[White "Budrewicz, Krzysztof"]
[Black "Khayrullin, Denis"]
[Result "1-0"]
[WhiteElo "2183"]
[BlackElo "2398"]
[PlyCount "67"]
[EventDate "2021.12.14"]
[EventType "swiss (blitz)"]
[EventRounds "11"]
[EventCountry "USA"]
[SourceTitle "EXT 2023"]
[Source "ChessBase"]
[SourceDate "2022.10.05"]
[SourceVersion "1"]
[SourceVersionDate "2022.10.05"]
[SourceQuality "1"]

1. d4 Nf6 2. c4 g6 3. Nc3 d5 4. Nf3 Bg7 5. h4 c6 6. Bg5 dxc4 7. e4 Be6 8. a4 Qa5 9. Be2 Nxe4 10. 0-0 Nxg5 11. Nxg5 Bd5 12. Nxd5 cxd5 13. b3 0-0 14. bxc4 dxc4 15. Bxc4 Nc6 16. Qb3 e6 17. Qxb7 Nxd4 18. Rad1 Qc5 19. Rxd4 Qxd4 20. Bxe6 fxe6 21. Nxe6 Qf6 22. Nxf8 Qxf8 23. Rd1 a5 24. Rd7 Re8 25. g3 Bf6 26. Rxh7 Bg7 27. Rxg7+ Qxg7 28. Qd5+ Qf7 29. Qxa5 Rf8 30. Qb6 Ra8 31. a5 Kg7 32. Qb2+ Qf6 33. Qb7+ Kh6 34. Qxa8 1-0

[Event "Titled Tuesday intern op 14th Dec"]
[Site "Chess.com INT"]
[Date "2021.12.14"]
[Round "4"]
[White "Goncalves, Ivan Mesquita V"]
[Black "Khayrullin, Denis"]
[Result "0-1"]
[WhiteElo "2237"]
[BlackElo "2398"]
[PlyCount "62"]
[EventDate "2021.12.14"]
[EventType "swiss (blitz)"]
[EventRounds "11"]
[EventCountry "USA"]
[SourceTitle "EXT 2023"]
[Source "ChessBase"]
[SourceDate "2022.10.05"]
[SourceVersion "1"]
[SourceVersionDate "2022.10.05"]
[SourceQuality "1"]

1. g4 d5 2. Bg2 c6 3. c4 dxc4 4. h3 h5 5. g5 e5 6. h4 Ne7 7. Na3 Be6 8. Qc2 Bd5 9. Nf3 b5 10. b3 cxb3 11. axb3 Nd7 12. Bb2 Ng6 13. Bh3 Bxf3 14. exf3 Nc5 15. Bf5 Nf4 16. 0-0-0 Nfd3+ 17. Kb1 Be7 18. g6 0-0 19. Rhg1 fxg6 20. Bxg6 Rxf3 21. Bxh5 Rxf2 22. Bg6 Bf6 23. b4 Nxb2 24. Qxc5 e4 25. Bxe4 Rxd2 26. Rxd2 Qxd2 27. Qxc6 Rd8 28. Qe6+ Kf8 29. Bh7 Na4 30. Qg8+ Ke7 31. Nxb5 Qxb4+ 0-1

[Event "Titled Tuesday intern op 14th Dec"]
[Site "Chess.com INT"]
[Date "2021.12.14"]
[Round "8"]
[White "Khayrullin, Denis"]
[Black "Kim, Sergey2222"]
[Result "0-1"]
[WhiteElo "2398"]
[BlackElo "2295"]
[PlyCount "94"]
[EventDate "2021.12.14"]
[EventType "swiss (blitz)"]
[EventRounds "11"]
[EventCountry "USA"]
[SourceTitle "EXT 2023"]
[Source "ChessBase"]
[SourceDate "2022.10.05"]
[SourceVersion "1"]
[SourceVersionDate "2022.10.05"]
[SourceQuality "1"]

1. d4 Nf6 2. c4 g6 3. Nc3 Bg7 4. e4 d6 5. Nf3 0-0 6. Be2 e5 7. Be3 exd4 8. Nxd4 Re8 9. f3 Nbd7 10. Qd2 c6 11. Bf2 a5 12. 0-0 a4 13. Rfd1 Qa5 14. Rac1 Nc5 15. Bf1 Nfd7 16. Nc2 Re6 17. Nd4 Re8 18. Nc2 Bf8 19. Ne3 Ne5 20. h3 Re6 21. f4 Ned7 22. Ng4 Nxe4 23. Nxe4 Rxe4 24. Qc2 Re8 25. Re1 Qd8 26. f5 Bg7 27. Rxe8+ Qxe8 28. Re1 Ne5 29. f6 Bf8 30. Nxe5 dxe5 31. Qc3 e4 32. Bd3 Bf5 33. g4 Be6 34. Rxe4 Qd8 35. Kg2 Qd7 36. Rd4 Qc7 37. Bg3 Qb6 38. Re4 c5 39. Re2 Rd8 40. Be4 Rd4 41. b3 Qa6 42. Bf3 a3 43. Be5 Rd8 44. Rd2 Qb6 45. Rd3 Rd7 46. Qd2 Rxd3 47. Qc3 Rxc3 0-1

[Event "Titled Tuesday intern op 14th Dec"]
[Site "Chess.com INT"]
[Date "2021.12.14"]
[Round "9"]
[White "Khayrullin, Denis"]
[Black "Van den Dikkenberg, Erik"]
[Result "1-0"]
[WhiteElo "2398"]
[BlackElo "2158"]
[PlyCount "67"]
[EventDate "2021.12.14"]
[EventType "swiss (blitz)"]
[EventRounds "11"]
[EventCountry "USA"]
[SourceTitle "EXT 2023"]
[Source "ChessBase"]
[SourceDate "2022.10.05"]
[SourceVersion "1"]
[SourceVersionDate "2022.10.05"]
[SourceQuality "1"]

1. e4 c5 2. Nf3 d6 3. d4 cxd4 4. Nxd4 Nf6 5. Nc3 a6 6. f3 e5 7. Nb3 Be7 8. Be3 0-0 9. Qd2 b5 10. g4 Be6 11. g5 Nfd7 12. 0-0-0 b4 13. Nd5 Bxd5 14. exd5 a5 15. Kb1 a4 16. Nc1 b3 17. cxb3 a3 18. bxa3 Rxa3 19. h4 f5 20. gxf6 Bxf6 21. Bd3 Qe7 22. Qb4 e4 23. Qxe4 Qd8 24. Qxh7+ Kf7 25. Qh5+ Ke7 26. Rhe1 Ne5 27. f4 Qa5 28. fxe5 Bxe5 29. Bd2 Qc5 30. Rxe5+ dxe5 31. Qxe5+ Kd8 32. Bg5+ Kc8 33. Be7 Qf2 34. Bxa3 1-0